Descifrando la cultura popular : Investigación participativa en los barrios.

Uloženo v:
Podrobná bibliografie
Hlavní autor: Riaño, Pilar (autor)
Médium: Kniha
Jazyk:španělština
Edice:(Controversia ; no. 166)
Témata:
Tagy: Přidat tag
Žádné tagy, Buďte první, kdo vytvoří štítek k tomuto záznamu!

MARC

LEADER 00000cam^a2200000uu^4500
001 000492109
005 20250521000000.0
008 050901s1991^^^^^^^^^^^^rd^r^^000^0^spa^d
009 20260310125431.84
035 |a FCE 000035382 
035 |a FCE 035423 
037 |a Acervo ITESO - Biblioteca 
041 |a spa 
082 0 4 |a 306  |b RIAd 
100 |a Riaño, Pilar  |e (autor) 
245 1 0 |a Descifrando la cultura popular :  |b Investigación participativa en los barrios. 
264 |a Santafé de Bogotá :  |b CINEP,  |c 1991. 
300 |a 91 p. 
336 |a texto  |b txt  |2 rdacontenido 
337 |a sin mediación  |b n  |2 rdamedio 
338 |a volumen  |b nc  |2 rdasoporte 
440 0 |a (Controversia ;  |v no. 166) 
649 |a XX 
650 |a Cultura popular 
650 |a Metodología 
650 |a Juventud 
650 |a Incentivos para la participación 
650 |a Colombia 
910 |a Fondo Centro de Estudios Educativos 
920 |a Impresos - Libros 
930 |a Fondos Especiales 
905 |a 133 
901 |a ALE035423  |b IT2  |c CEE  |u 20250521 
902 |a https://opac.biblio.iteso.mx/vufind/Record/000492109